000 00349pam a2200157a 44500
008 230515b1975 xxu||||| |||| 00| 0 eng d
020 _aNULL
041 _aENGLISH
082 _a630
100 _a2670-1964
245 _aSPECIFICATION FOR THREAD MILLING CUTTERS
250 _a0
260 _aDELHI
_bISI
_c1975
300 _a43
650 _aNULL
999 _c652149
_d652149